Normal view
MARC view
Entry Topical Term
001 - CONTROL NUMBER
- control field: 71446
003 - CONTROL NUMBER IDENTIFIER
- control field: OSt
005 - DATE AND TIME OF LATEST TRANSACTION
- control field: 20180317155839.0
008 - FIXED-LENGTH DATA ELEMENTS
- fixed length control field: 180317|| aca||aabn | a|a d
040 ## - CATALOGING SOURCE
- Original cataloging agency: OSt
- Transcribing agency: OSt
150 ## - HEADING--TOPICAL TERM
- Topical term or geographic name entry element: उपन्यास
670 ## - SOURCE DATA FOUND
- Source citation: Work cat.: (OSt)21476: झाबरमल्ल शर्मा 71445, मालविका, 1995









